| 000 | 00995nam a2200289 i 4500 | ||
|---|---|---|---|
| 003 | DO-SdBNP | ||
| 005 | 20250120101040.0 | ||
| 007 | ta | ||
| 008 | 240514b2023 dr ||||| |||| 00| 0 spa d | ||
| 020 | _a9789945187168 | ||
| 040 |
_aDO-SdBNP _bspa _cBNPHU _erda |
||
| 082 | 4 | _222 | |
| 100 | 1 |
_aEspaillat, Teresa, _d1943- _4autora _916869 |
|
| 245 | 1 | 4 |
_aLos mitos en educación y una nueva forma de aprender / _cTeresa Espaillat ; corrección, Aida Espaillat Franco ; prólogo, William Galván |
| 264 |
_aSanto Domingo : _bPemart, _c2023. |
||
| 300 |
_a66 páginas : _c23 cm. |
||
| 336 |
_2rdacontent _atexto _btxt |
||
| 337 |
_2rdamedia _asin mediación _bn |
||
| 338 |
_2rdacarrier _avolumen _bnc |
||
| 500 | _aIncluye datos biográficos de la autora en las solapas | ||
| 504 | _aBibliografía : p. 66 | ||
| 590 | _aInventariado, 2024/BT | ||
| 700 | 1 |
_aEspaillat Franco, Aida, _ecorrección _985464 |
|
| 700 | 1 |
_aGalván, William, _eprólogo _91505 |
|
| 910 | _aBtavárez | ||
| 942 |
_2ddc _cLBS1 |
||
| 999 |
_c56659 _d56659 |
||